Teoretické a ekonomické aspekty pojištění vkladů

Povinné poistenie vkladov ako súčasť systému regulácie a dohľadu bánk. Základné ciele a výhody. Nevýhody a nežiadúce sprievodné javy. Run na banky. Systém ochrany peňažných úspor.

Guardado en:
Detalles Bibliográficos
Autor principal: Revenda, Zbyněk
Formato: Capítulo de libro
Lenguaje:checo
Materias:
Etiquetas: Agregar Etiqueta
Sin Etiquetas, Sea el primero en etiquetar este registro!

MARC

LEADER 00000naa a2200000 4500
001 0169867
005 20231207121336.9
041 0 |a cze 
044 |a CZ 
245 1 0 |a Teoretické a ekonomické aspekty pojištění vkladů  |c Zbyněk Revenda 
520 |a Povinné poistenie vkladov ako súčasť systému regulácie a dohľadu bánk. Základné ciele a výhody. Nevýhody a nežiadúce sprievodné javy. Run na banky. Systém ochrany peňažných úspor. 
610 2 0 |a poistenie vkladov 
610 2 0 |a dohľad bankový 
610 2 0 |a Česko 
610 2 0 |a Európska únia 
610 2 0 |a ochrana vkladov 
100 1 |a Revenda, Zbyněk